000 00765nam a2200205Ia 4500
003 GCL
008 140319s9999 xx 000 0 ara d
040 _aGCL /
_cGCL
082 0 4 _a809
_bم ث
100 1 _aمجموعة باحثين
245 1 0 _aثقافة المقاومة ( بحوث ودراسات ): مؤتمر ادباء مصر فى الاقاليم ( الدورة الحادية عشرة ) /
_cمجموعة باحثين
300 _a342 ص
490 _aكتابات نقدية
_v0
650 0 4 _aالادب العربى
650 0 4 _aالادب
650 0 4 _aالشعر العربى - تاريخ ونقد
650 0 4 _aالادب العربى - تاريخ ونقد
650 0 4 _aالرواية العربية - تاريخ ونقد
942 _2ddc
_cBK
999 _c50782
_d50782